Child abuse: an evidence base for confident practice
| Autores principales: | ; ; |
|---|---|
| Tipo de documento: | Print Libro |
| Lenguaje: | Inglés |
| Publicado: |
Maidenhead
Open University Press
2012
|
| En: | Año: 2012 |
| Edición: | 4. ed. |
| Acceso en línea: |
Índice Blurb (Publisher) |
| Disponibilidad en Tübingen: | Disponible en Tübingen. UB: KB 20 A 6079 |
| Verificar disponibilidad: | HBZ Gateway |
| Servicio de pedido Subito: | Pedir ahora. |
| Palabras clave: |
MARC
| LEADER | 00000cam a2200000 c 4500 | ||
|---|---|---|---|
| 001 | 1620242192 | ||
| 003 | DE-627 | ||
| 005 | 20251225201828.0 | ||
| 007 | tu | ||
| 008 | 130102s2012 xx ||||| 00| ||eng c | ||
| 020 | |a 9780335245093 |9 978-0-335-24509-3 | ||
| 020 | |a 0335245099 |9 0-335-24509-9 | ||
| 035 | |a (DE-627)1620242192 | ||
| 035 | |a (DE-576)377212784 | ||
| 035 | |a (DE-599)BSZ377212784 | ||
| 035 | |a (OCoLC)827004519 | ||
| 040 | |a DE-627 |b ger |c DE-627 |e rakwb | ||
| 041 | |a eng | ||
| 082 | 0 | |a 362.76 | |
| 084 | |a 2,1 |2 ssgn | ||
| 100 | 1 | |a Corby, Brian |d 1946-2007 |0 (DE-588)136944221 |0 (DE-627)69477488X |0 (DE-576)165147601 |4 aut | |
| 109 | |a Corby, Brian 1946-2007 |a Corby, Brian Charles 1946-2007 | ||
| 245 | 1 | 0 | |a Child abuse |b an evidence base for confident practice |c Brian Corby; David Shemmings and David Wilkins |
| 250 | |a 4. ed. | ||
| 264 | 1 | |a Maidenhead |b Open University Press |c 2012 | |
| 300 | |a XII, 286 S. | ||
| 336 | |a Text |b txt |2 rdacontent | ||
| 337 | |a ohne Hilfsmittel zu benutzen |b n |2 rdamedia | ||
| 338 | |a Band |b nc |2 rdacarrier | ||
| 500 | |a Includes bibliographical references (p.171-190) and index | ||
| 583 | 1 | |a Archivierung/Langzeitarchivierung gewährleistet |f SSG |x XA-DE-BW |2 pdager |5 DE-21 | |
| 689 | 0 | 0 | |d s |0 (DE-588)4030550-8 |0 (DE-627)104360100 |0 (DE-576)208988165 |a Kind |2 gnd |
| 689 | 0 | 1 | |d s |0 (DE-588)4126865-9 |0 (DE-627)105729094 |0 (DE-576)20958873X |a Sexueller Missbrauch |2 gnd |
| 689 | 0 | |5 (DE-627) | |
| 700 | 1 | |8 1\p |a Shemmings, David |0 (DE-588)1191198480 |0 (DE-627)1669601633 |4 aut | |
| 700 | 1 | |a Wilkins, David |0 (DE-627)1233571664 |0 (DE-576)16357166X |4 aut | |
| 776 | 1 | |z 9780995245109 | |
| 856 | 4 | 2 | |u https://swbplus.bsz-bw.de/bsz377212784inh.htm |m B:DE-576;DE-21 |q application/pdf |v 20130207093609 |x Verlag |3 Inhaltsverzeichnis |7 1 |
| 856 | 4 | 2 | |u https://swbplus.bsz-bw.de/bsz377212784kla.htm |m B:DE-576;DE-21 |q application/pdf |v 20130207093609 |x Verlag |3 Klappentext |7 1 |
| 883 | |8 1\p |a cgwrk |d 20250301 |q DE-101 |u https://d-nb.info/provenance/plan#cgwrk | ||
| 951 | |a BO | ||
| ELC | |b 1 | ||
| LOK | |0 000 xxxxxcx a22 zn 4500 | ||
| LOK | |0 001 3231428106 | ||
| LOK | |0 003 DE-627 | ||
| LOK | |0 004 1620242192 | ||
| LOK | |0 005 20130130153949 | ||
| LOK | |0 008 130102||||||||||||||||ger||||||| | ||
| LOK | |0 040 |a DE-21 |c DE-627 |d DE-21 | ||
| LOK | |0 852 |a DE-21 | ||
| LOK | |0 852 1 |c KB 20 A 6079 |9 00 | ||
| LOK | |0 935 |a krim | ||
| LOK | |0 936ln |a k10.10.3 | ||
| LOK | |0 938 |a 1301 |f 34 | ||
| LOK | |0 939 |a 02-01-13 |b l01 | ||
| ORI | |a SA-MARC-krimdoka001.raw | ||
| SIG | |a UB: KB 20 A 6079 | ||
